Bài tập cơ sở dữ liệu /

שמור ב:
מידע ביבליוגרפי
מחבר ראשי: Nguyễn Xuân Huy.
מחברים אחרים: Lê Hoài Bắc.
פורמט: Sách giấy
שפה:Vietnamese
יצא לאור: H. : Thống kê, 2003.
נושאים:
תגים: הוספת תג
אין תגיות, היה/י הראשונ/ה לתייג את הרשומה!
Thư viện lưu trữ: Thư viện Trường Đại học Đà Lạt
LEADER 00749nam a2200301 4500
001 DLU110126748
005 ##20111017
040 # # |a DLU  |b vie 
041 # # |a vie 
044 # # |a vn 
082 # # |a 005.740 76  |b NG-H 
100 # # |a Nguyễn Xuân Huy. 
245 # # |a Bài tập cơ sở dữ liệu /  |c Nguyễn Xuân Huy, Lê Hoài Bắc. 
260 # # |a H. :  |b Thống kê,  |c 2003. 
300 # # |a 176 tr. ;  |c 21 cm. 
650 # # |a Cơ sở dữ liệu  |x Bài toán, bài tập, v.v... 
700 # # |a Lê Hoài Bắc. 
923 # # |a 01/2011CT 
991 # # |a GT 
992 # # |a 0 
994 # # |a KCT 
900 # # |a True 
911 # # |a Đào Thị Thu Huyền 
925 # # |a G 
926 # # |a A 
927 # # |a SH 
980 # # |a Thư viện Trường Đại học Đà Lạt